Normal view
MARC view
- SUPERVISOR DR MUHAMMAD SLAMAN
Entry Personal Name
001 - CONTROL NUMBER
- control field: 72078
003 - CONTROL NUMBER IDENTIFIER
- control field: NUST
005 - DATE AND TIME OF LATEST TRANSACTION
- control field: 20210628204734.0
008 - FIXED-LENGTH DATA ELEMENTS
- fixed length control field: 210628|| aca||aabn | a|a d
040 ## - CATALOGING SOURCE
- Original cataloging agency: NUST
- Transcribing agency: NUST
100 ## - HEADING--PERSONAL NAME
- Personal name: SUPERVISOR DR MUHAMMAD SLAMAN
670 ## - SOURCE DATA FOUND
- Source citation: Work cat.: (NUST): UMER,WAQAR,BILAL,DR USMAN ALI, 72077, PR-SOF-1288-DESIGN AND IMPLEMENTATION OF DIGITAL TRANSCEIVER ON FPGA, 2013
